000 00236nam a22001097a 4500
082 _a537 COL'P
100 _aCOLLINGS, M. D
_978178
245 _aPROJECTS IN ELECTRICITY
260 _aUSA
_bMCKNIGHT
_c1941
300 _a80P
942 _cBK
999 _c583341
_d583341